Velký komiksový vandr /

Other Authors: Krejčí, Milan, 1955-, Moravec, Michal, 1958-
Language: Czech
Published: Praha : Toužimský & Moravec, 2021
Edition: První vydání
Subjects:
Physical Description: 102 stran : ilustrace (převážně barevné), portréty, faksimile ; 31 cm
Book
Saved in:
LEADER 01766nam a2200505 i 4500
001 nkc20213368502
003 CZ PrNK
005 20211214094019.0
007 ta
008 211027s2021 xr ach g 6 000 1dcze
015 |a cnb003368502 
020 |a 978-80-7264-207-6  |q (vázáno) 
035 |a (OCoLC)1291383630 
040 |a ABG001  |b cze  |e rda 
043 |a e-xr--- 
045 |a x6y1 
072 7 |a 741.52  |x Komiksy. Komiksové adaptace  |2 Konspekt  |9 21 
080 |a 741.52  |2 MRF 
080 |a (437.3)  |2 MRF 
080 |a 741.52(0:82-321.3)  |2 MRF 
080 |a (082.21)  |2 MRF 
245 0 0 |a Velký komiksový vandr /  |c k vydání připravili Milan Krejčí a Michal Moravec 
250 |a První vydání 
264 1 |a Praha :  |b Toužimský & Moravec,  |c 2021 
300 |a 102 stran :  |b ilustrace (převážně barevné), portréty, faksimile ;  |c 31 cm 
336 |a text  |b txt  |2 rdacontent 
336 |a statický obraz  |b sti  |2 rdacontent 
337 |a bez média  |b n  |2 rdamedia 
338 |a svazek  |b nc  |2 rdacarrier 
648 4 |a 1968-2013 
648 7 |a 20.-21. století  |7 ch462155  |2 czenas 
650 0 7 |a komiks  |7 ph114952  |z Česko  |y 20.-21. století  |2 czenas 
650 0 9 |a comics  |z Czechia  |y 20th-21st centuries  |2 eczenas 
655 7 |a akční a dobrodružné komiksy  |7 fd1057471  |2 czenas 
655 7 |a antologie  |7 fd131819  |2 czenas 
655 9 |a action and adventure comics  |2 eczenas 
655 9 |a anthology  |2 eczenas 
700 1 |a Krejčí, Milan,  |d 1955-  |7 jo20211124684  |4 edt 
700 1 |a Moravec, Michal,  |d 1958-  |7 jo2013794557  |4 edt 
910 2 |a BOA001  |b 4-1477.135 
920 |a 4618615  |z ABG001 
990 |a BK 
995 |a 01 
991 |b 202112  |c NOV 
996 6 |b 2610883997  |c 4-1477.135  |l MZK  |r Sklad / do 1 hodiny  |n 1  |p p.v.  |w 001868116  |u 000010  |a 1  |e BOA001  |j MZK50  |s P